| 000 | 00728nam a22002177a 4500 | ||
|---|---|---|---|
| 999 |
_c18585 _d18585 |
||
| 003 | AR-CdUCM | ||
| 008 | 190514b ||||| |||| 00| 0 spa d | ||
| 020 | _a968-816-093-8 | ||
| 040 |
_aMUNICIPALIDAD PROVINCIAL DEL CUSCO _cBIBLIOTECA MUNICIPAL DEL CUSCO |
||
| 082 |
_a974.022 / _bM77 |
||
| 100 |
_aMonroy Castillo, Isabel _939254 |
||
| 245 | _aGuía de las actas de cabildo de la ciudad de México / | ||
| 260 |
_aMéxico : _bUniversidad iberoamericana, _c1988. |
||
| 300 |
_a439 páginas ; _c23 cm. |
||
| 505 | _aContenido: Composición del cabildo. | ||
| 650 |
_aHistoria del cabildo _939255 |
||
| 650 |
_aMéxico _918 |
||
| 710 |
_aUniversidad iberoamericana _939256 |
||
| 942 |
_2ddc _cLIBROS |
||
| 945 |
_aacv _d2019-05-14 |
||